Statistics for 20 Most Corrupt Countries

Click here to take the quiz!

General Stats

  • This quiz has been taken 158 times
  • The average score is 10 of 20

Answer Stats

RankingCountry% Correct
174Somalia
76%
169Iraq
75%
174North Korea
70%
174Afghanistan
67%
165Chad
60%
173Sudan
58%
160Libya
55%
172Myanmar
51%
160Laos
45%
165Haiti
44%
163Zimbabwe
44%
170Uzbekistan
43%
157Cambodia
42%
165Venezuela
42%
170Turkmenistan
40%
157Angola
37%
157Tajikistan
35%
165Burundi
28%
160Democratic Republic of Congo
26%
163Equatorial Guinea
20%

Score Distribution

Percentile by Number Answered

Percent of People with Each Score

Your Score History

You have not taken this quiz